header

Principles of microeconomics / (Record no. 251779)

MARC details
000 -LEADER
fixed length control field 00486nam a22001697a 4500
003 - CONTROL NUMBER IDENTIFIER
control field OSt
005 - DATE AND TIME OF LATEST TRANSACTION
control field 20250128163937.0
008 - FIXED-LENGTH DATA ELEMENTS--GENERAL INFORMATION
fixed length control field 151208b xxu||||| |||| 00| 0 eng d
020 ## - INTERNATIONAL STANDARD BOOK NUMBER
International Standard Book Number 0324376537
040 ## - CATALOGING SOURCE
Original cataloging agency DLC
Language of cataloging eng
Transcribing agency DLC
Modifying agency RU
Description conventions rda
050 ## - LIBRARY OF CONGRESS CALL NUMBER
Classification number HB172
Item number .M346 2007
100 ## - MAIN ENTRY--PERSONAL NAME
Personal name Mankiw, N. Gregory.
245 ## - TITLE STATEMENT
Title Principles of microeconomics /
Statement of responsibility, etc N. Gregory Mankiw.
250 ## - EDITION STATEMENT
Edition statement 4th Edn,
Remainder of edition statement India Edn.
260 ## - PUBLICATION, DISTRIBUTION, ETC. (IMPRINT)
Place of publication, distribution, etc Mason, OH :
Name of publisher, distributor, etc Thomson South-Western,
Date of publication, distribution, etc c2007.
942 ## - ADDED ENTRY ELEMENTS (KOHA)
Source of classification or shelving scheme Library of Congress Classification
Koha item type Long Loan Books
Holdings
Withdrawn status Lost status Source of classification or shelving scheme Damaged status Not for loan Home library Current library Shelving location Date acquired Total Checkouts Full call number Barcode Date last seen Date checked out Price effective from Koha item type
    Library of Congress Classification     Rongo University Library Rongo University Library General Stacks 08/12/2015 1 HB172 .M346 2007 20088105 15/12/2015 08/12/2015 08/12/2015 Long Loan Books

© 2026 Rongo University
Contact us: librarian | system librarian | Rongo university